000 00648nam a22002417a 4500
001 30685
003 UA-OsUOA
005 20211019180340.0
007 ta
008 20041112b un ||||| |||| 00| 0 ukr d
040 _aUA-OsUOA
_brus
_cUA-OsUOA
_dUA-OsUOA
041 _arus
044 _aRU
080 _a82.09(470+571)
090 _a82.09(470+571)
_bЛ42
100 _aЛейчик В. М.
245 _aЛюди и слова
260 _aМосква
_bНаука
_c1982
300 _a176 с.
650 7 _a82.09 Літературна критика. Літературні дослідження
_2UDC
942 _cBK
_2udc
955 _a2
999 _c317099
_d317099